| 000 | 00616 a2200181 4500 | ||
|---|---|---|---|
| 020 | _a1402070500 | ||
| 040 |
_aDLC _bDLC |
||
| 082 | 0 | 0 | _a621.381 |
| 100 | 1 | _aStroud, Charles E. | |
| 245 | 1 | 2 |
_aA designer's guide to built-in self-test _cCharles E. Stroud |
| 260 |
_aBoston : _bKluwer Academic Publishers, _cc2002. |
||
| 300 |
_axvi, 319 p. : _bill. ; _c24 cm. |
||
| 440 | 0 | _aFrontiers in electronic testing | |
| 650 | 0 |
_aElectronic apparatus and appliances _xTesting. |
|
| 650 | 0 |
_aElectronic apparatus and appliances _xDesign and construction. |
|
| 650 | 0 | _aAutomatic test equipment. | |
| 942 |
_cBK _k621.381 STR _2ddc |
||
| 999 |
_c10001 _d10001 |
||